South Korea to Yemen - Statistics

General Stats
  • This quiz has been taken 210 times
    176 since last reset
  • The average score is 6 of 8
Answer Stats
Hint Answer % Correct
Country 1 North Korea
97%
Country 2 Russia
93%
China
90%
Country 6 Saudi Arabia
71%
Country 5 Iraq
70%
Country 4 Turkey / Iran
69%
Afghanistan
58%
Country 3 Georgia / Azerbaijan
57%
No matching quizzes found
Score Distribution
Percent of People with Each Score
Percentile by Number Answered
Your Score History
You have not taken this quiz since the last reset